书目信息 |
| 题名: |
百"变"写英文
|
|
| 作者: | 叶洪 , 徐筠 主编 | |
| 分册: | ||
| 出版信息: | 武汉 华中工学院出版社 2003.09 |
|
| 页数: | 352页 | |
| 开本: | 20cm | |
| 丛书名: | ||
| 单 册: | ||
| 中图分类: | H315 | |
| 科图分类: | ||
| 主题词: | 英语--ying yu--写作 | |
| 电子资源: | ||
| ISBN: | 7-5609-3004-2 | |
| 000 | 00980nam0 2200277 450 | |
| 001 | 010237184067 | |
| 005 | 20051014093151.95 | |
| 010 | @a7-5609-3004-2@dCNY16.00 | |
| 100 | @a20050830d2003 km y0chiy0120 ea | |
| 101 | 0 | @achi@aeng |
| 102 | @aCN@b420000 | |
| 105 | @ay z 000yy | |
| 200 | 1 | @a百"变"写英文@Abai"bian"xie ying wen@e新编英语写作@f叶洪, 徐筠主编@Fye hong,xu jun zhu bian |
| 210 | @a武汉@c华中工学院出版社@d2003.09 | |
| 215 | @a352页@d20cm | |
| 312 | @a并列题名取自封面。 | |
| 320 | @a有书目 (第351-352页) | |
| 330 | @a本书可用做大学英语的写作教材。共分六章,即天天写、写什么、写句子、写段落、写文章、写应用文。各章的每一小节基本包括举例、讲解、练习、参考答案或范文四项内容。 | |
| 510 | 1 | @aLearning by writing@zeng |
| 517 | 1 | @a新编英语写作@Axin bian ying yu xie zuo |
| 606 | 0 | @a英语@Aying yu@x写作 |
| 690 | @aH315@v4 | |
| 701 | 0 | @a叶洪@Aye hong@4主编 |
| 701 | 0 | @a徐筠@Axu jun@4主编 |
| 801 | 0 | @aCN@bQSSK@c20051014 |
| 905 | @a10447@dH315@eY428 | |
| 百"变"写英文:新编英语写作/叶洪, 徐筠主编.-武汉:华中工学院出版社,2003.09 |
| 352页;20cm |
| ISBN 7-5609-3004-2:CNY16.00 |
| 本书可用做大学英语的写作教材。共分六章,即天天写、写什么、写句子、写段落、写文章、写应用文。各章的每一小节基本包括举例、讲解、练习、参考答案或范文四项内容。 |
| ● |
| 相关链接 |
|
|
|
正题名:百"变"写英文
索取号:H315/Y428
 
预约/预借
| 序号 | 登录号 | 条形码 | 馆藏地/架位号 | 状态 | 备注 |
| 1 | 567918 | 205679185 | 语言库209/209语言库 38排5列2层/ [索取号:H315/Y428] | 在馆 | |
| 2 | 567919 | 205679194 | 语言库209/209语言库 38排5列2层/ [索取号:H315/Y428] | 在馆 | |
| 3 | 567920 | 205679201 | 语言库209/209语言库 38排5列2层/ [索取号:H315/Y428] | 在馆 |